Hierarchy : perspectives for ecological complexity /
Guardado en:
| Autor Principal: | |
|---|---|
| Otros Autores: | |
| Formato: | Libro |
| Idioma: | English |
| Publicado: |
Chicago :
University of Chicago Press,
1982.
|
| Etiquetas: |
Agregar Etiqueta
Sin Etiquetas, Sea el primero en etiquetar este registro!
|
| LEADER | 00601nam a22001815a 4500 | ||
|---|---|---|---|
| 001 | EEA.libagro005039 | ||
| 005 | 20181008131416.0 | ||
| 008 | 130809s1982####xxua#####b####000#0#eng#d | ||
| 020 | |a 0226014320 | ||
| 082 | 0 | 4 | |a 575.01 |
| 082 | 0 | 4 | |a 574.501 |
| 100 | 1 | |a Allen, T. F. H. | |
| 245 | 1 | 0 | |a Hierarchy : |b perspectives for ecological complexity / |c T. F. H. Allen and Thomas B. Starr. |
| 260 | |a Chicago : |b University of Chicago Press, |c 1982. | ||
| 300 | |a xvi, 310 p. : |b il. ; |c 24 cm. | ||
| 504 | |a Bibliografía: p. 281-291. | ||
| 700 | 1 | |a Starr, Thomas B. | |
| 859 | |a AR-BbBCA |b BIB. AGRONOMIA |h 575.01 |i A431 |p 1995/2307 | ||
